| 000 | 01056cam a22002054a 4500 | ||
|---|---|---|---|
| 005 | 20250605163932.0 | ||
| 008 | 250528s ||||||||||||||||||||||||d | ||
| 035 | _a14728 | ||
| 020 | _a140134727 | ||
| 040 |
_aGR-AtMCL _bgre _dGR-AtMCL _eAACR2 |
||
| 245 | 1 | _aThe Social Psychology of Work / Second Edition | |
| 250 | _a2nd | ||
| 260 |
_bPenguin Books, _c1990 |
||
| 300 | _a404 | ||
| 520 | _aA classic and informative account of the social factors influencing our experience of work. Preface, The Social Problems of Working Organizations, The History of Work, Technology and Job Design, Personality and Work, The Motivation to Work, Working Groups and Relationships, Social Skills and Work, Working in Organizations, Industrial Democracy, Job Satisfaction and Absenteeism and Labor Turnover, Stress and Health and Mental Health at Work, Unemployment and Retirement, The Future of Work, The Japanese Method of Working, Acknowledgements, Author and Subject Index. | ||
| 700 | 1 |
_aArgyle Michael _9474 |
|
| 942 | _cBK | ||
| 999 |
_c348 _d348 |
||